| 000 | 01002nam a2200205 a 4500 | ||
|---|---|---|---|
| 008 | 011117e1996 ag |||g |||| 000 1 spa d | ||
| 020 | _a9505460716 | ||
| 041 | _aspa | ||
| 092 |
_c808 _l51 _sMEN |
||
| 100 | 1 |
_aMenapace, Mamerto _94139 |
|
| 245 | 3 |
_aLa sal de la tierra / _cMamerto Menapace |
|
| 250 | _a12a ed. | ||
| 260 |
_aBuenos Aires: _bPatria Grande; _c1996. |
||
| 300 | _a124 p. | ||
| 500 | _aMenapace, M. (1996). La sal de la tierra. (12a ed.). Buenos Aires : Patria Grande. | ||
| 520 | _aCada uno de los cuentos , sucedidos y reflexiones de este libro nos recuerdan que nuestra vida esconde un sentido que necesita ser encontrado. Debemos descubrir el sabor de la tierra y de las pequeñas grandes realidades que en ella se afirman, Mamerto Menapace, monje benedictino, hombre de campo y poeta, ha sabido gustar esa sal y nos la ayuda a saborear en pàginas de singular belleza. | ||
| 590 | _aDonación. Proyecto Literatura 4to libro | ||
| 655 |
_aLiteratura _92917 |
||
| 942 |
_2ddc _cLIT |
||
| 999 |
_c3101 _d3101 |
||